|
|
|
|
| LEADER |
00000nam0a2200000 4500 |
| 001 |
262744 |
| 005 |
20231101233700.0 |
| 010 |
|
|
|a 9785915223362
|
| 035 |
|
|
|a (RuTPU)RU\TPU\book\285727
|
| 090 |
|
|
|a 262744
|
| 100 |
|
|
|a 20140603d2013 m y0rusy50 ca
|
| 101 |
1 |
|
|a rus
|c eng
|
| 102 |
|
|
|a RU
|
| 105 |
|
|
|a a j 001zy
|
| 200 |
1 |
|
|a Статистическая механика. Энтропия, параметры порядка, теория сложности
|e учебник
|e пер. с англ.
|f Дж. П. Сетна
|g Московский государственный университет им. М. В. Ломоносова (МГУ), Научно-образовательный центр по нанотехнологиям (НОЦ)
|
| 210 |
|
|
|a Москва
|c Научный мир
|d 2013
|
| 215 |
|
|
|a 610 с.
|c ил.
|
| 225 |
1 |
|
|a Фундаментальные основы нанотехнологий: лучшие зарубежные учебники
|
| 320 |
|
|
|a Библиогр.: с. 590-602.
|
| 320 |
|
|
|a Предм. указ.: с. 603-610.
|
| 330 |
|
|
|a Учебник «Статистическая механика: энтропия, параметры порядка и сложность», написан профессором Корнелльского университета (США) Джеймсом Сетной и был впервые издан на английском языке в 2006 году издательством Оксфордского университета. За прошедшие годы он приобрел большую популярность не только у студентов-физиков, но и у студентов смежных специальностей - химиков, математиков, биологов и биофизиков. Эта популярность вполне заслужена: учебник написан живым и понятным языком, при этом автор излагает доступным образом не только фундаментальные концепции и методологию современной статистической механики, но и их связь с теорией динамических систем, квантовой теорией, теорией информации, современной химией и биологией, основополагающими проблемами финансовой математики. Дж. Сетна предлагает читателям не только общее видение решенных проблем, но и целый ряд задач, которые еще ждут своего исследователя. Каждая глава учебника содержит большой набор интересных упражнений. Представляется, что книга Дж. Сетны на русском языке окажется очень полезной для студентов, аспирантов и исследователей, работающих как в области физики, так и в смежных областях.
|
| 606 |
1 |
|
|a Статистическая механика
|2 stltpush
|3 (RuTPU)RU\TPU\subj\56840
|9 74727
|
| 610 |
1 |
|
|a физика
|
| 610 |
1 |
|
|a энтропия
|
| 610 |
1 |
|
|a случайные блуждания
|
| 610 |
1 |
|
|a коллективное поведение
|
| 610 |
1 |
|
|a температура
|
| 610 |
1 |
|
|a равновесие
|
| 610 |
1 |
|
|a фазовое пространство
|
| 610 |
1 |
|
|a эргодичность
|
| 610 |
1 |
|
|a термодинамические потенциалы
|
| 610 |
1 |
|
|a квантовая статистическая механика
|
| 610 |
1 |
|
|a моделирование
|
| 610 |
1 |
|
|a вычисления
|
| 610 |
1 |
|
|a топология
|
| 610 |
1 |
|
|a симметрия
|
| 610 |
1 |
|
|a корреляции
|
| 610 |
1 |
|
|a отклики
|
| 610 |
1 |
|
|a диссипация
|
| 610 |
1 |
|
|a скачкообразные фазовые переходы
|
| 610 |
1 |
|
|a непрерывные фазовые переходы
|
| 610 |
1 |
|
|a учебные пособия
|
| 675 |
|
|
|a 531.19(075.8)
|v 3
|
| 700 |
|
1 |
|a Сетна
|b Дж. П.
|g Джеймс П.
|
| 712 |
0 |
2 |
|a Московский государственный университет им. М. В. Ломоносова (МГУ)
|b Научно-образовательный центр по нанотехнологиям (НОЦ)
|2 stltpush
|3 (RuTPU)RU\TPU\col\17866
|
| 801 |
|
1 |
|a RU
|b 63413507
|c 20140603
|
| 801 |
|
2 |
|a RU
|b 63413507
|c 20150701
|g RCR
|
| 900 |
|
|
|a Статистическая физика
|
| 942 |
|
|
|c BK
|
| 959 |
|
|
|a 99/20140603
|d 2
|e 750,00
|f ЧЗТЛ:1
|f АНЛ:1
|